The Palestinian Liberation Organisation : people, power, and politics /

محفوظ في:

المؤلف الرئيسي: Cobban, Helena (مؤلف)

التنسيق: كتاب

اللغة: English

سلاسل: Cambridge Middle East library

الموضوعات:

الوسوم: إضافة وسم

لا توجد وسوم, كن أول من يضع وسما على هذه التسجيلة!

رقم الطلب: DS119.7 .C58 1984

LEADER 01170namaa2200313 4500
001 18616
003 OSt
005 20200318172317.0
008 130303s1984 enka g b 000 0 eng d
952 |0 0  |1 0  |2 lcc  |4 0  |6 DS01197 C58 01984  |7 1  |9 25263  |a ARCE  |b ARCE  |d 2022-01-25  |l 0  |o DS119.7 .C58 1984  |p 1022166  |r 2022-01-25 00:00:00  |w 2022-01-25  |y BK 
999 |c 20035  |d 20035 
010 |a 83018915 
043 |a awba---  |a awgz---  |a ma----- 
050 |a DS119.7  |b .C58 1984 
100 1 |a Cobban, Helena,  |e author. 
245 1 4 |a The Palestinian Liberation Organisation :  |b people, power, and politics /  |c Helena Cobban. 
264 1 |a Cambridge [Cambridgeshire] ;  |a New York :  |b Cambridge University Press,  |c 1984. 
300 |a xii, 305 pages :  |b illustrations ;  |c 24 cm. 
336 |a text  |b txt  |2 rdacontent 
337 |a unmediated  |b n  |2 rdamedia 
338 |a volume  |b nc  |2 rdacarrier 
490 0 |a Cambridge Middle East library 
504 |a Bibliography : pages 299-305. 
555 |a wafaa.lib. 
610 2 0 |a Munaẓẓamat al-Taḥrīr al-Filasṭīnīyah. 
650 0 |a Arab-Israeli conflict. 
651 0 |a Middle East  |x Politics and government  |y 1945- 
901 |a reviewed 
942 |c BK  |2 lcc